[Event "Faxe Jubilaeums EMT 2014"]
[Site "Faxe"]
[Date "2014.03.26"]
[Round "1"]
[White "Eckert, Svend"]
[Black "Pedersen, Hans Dahl"]
[Result "0-1"]
[WhiteElo "1579"]
[BlackElo "2158"]
[PlyCount "48"]
[EventDate "2014.??.??"]

1. c4 c6 2. d4 d5 3. e3 Nf6 4. Nc3 e6 5. a3 a5 6. Nf3 Nbd7 7. b3 Bd6 8. c5 Bc7
9. Bb2 O-O 10. Bd3 e5 11. dxe5 Nxe5 12. Nxe5 Bxe5 13. O-O Qe7 14. b4 Re8 15.
Na4 Bg4 16. Be2 Bxe2 17. Qxe2 axb4 18. axb4 d4 19. Qc4 dxe3 20. f4 Bxb2 21.
Nxb2 e2 22. Rxa8 Qe3+ 23. Kh1 exf1=Q+ 24. Qxf1 Rxa8 0-1

[Event "Faxe Jubilaeums EMT 2014"]
[Site "Faxe"]
[Date "2014.03.26"]
[Round "1"]
[White "Christensen, Lars (1957)"]
[Black "Stuhr, Finn"]
[Result "0-1"]
[WhiteElo "2005"]
[BlackElo "1568"]
[PlyCount "122"]
[EventDate "2014.??.??"]

1. d4 Nf6 2. Nf3 b6 3. e3 Bb7 4. Bd3 g6 5. Nbd2 Bg7 6. c3 O-O 7. h4 h5 8. e4 d6
9. Qe2 e6 10. Ng5 e5 11. f3 Nbd7 12. d5 Nc5 13. Bc2 a5 14. b4 axb4 15. cxb4 Na4
16. b5 Qd7 17. Qc4 Nc5 18. a4 Qe7 19. Nb3 Nfd7 20. Be3 f6 21. Nxc5 Nxc5 22.
Bxc5 fxg5 23. Bf2 Rf7 24. Bd1 Raf8 25. Ra2 Bc8 26. hxg5 Qxg5 27. Bh4 Qf4 28.
Bf2 Qg5 29. Rg1 Bh6 30. Rc2 Qd8 31. Qd3 Bg5 32. Be3 Bxe3 33. Qxe3 Kg7 34. Rh1
Rh8 35. g3 g5 36. Rch2 Kg6 37. Be2 Bd7 38. Qd2 Rfh7 39. f4 exf4 40. gxf4 gxf4
41. Rg2+ Kf7 42. Rf1 Qh4+ 43. Kd1 Ke8 44. Rxf4 Qh1+ 45. Bf1 Bg4+ 46. Kc2 Rf8
47. Rgf2 Rhf7 48. Rxf7 Rxf7 49. Rxf7 Kxf7 50. Qf2+ Qf3 51. Qxf3+ Bxf3 52. Kd3
Kf6 53. Ke3 Bd1 54. Kf4 h4 55. Bh3 Bxa4 56. Bd7 Bd1 57. Bh3 Be2 58. Bd7 Bf1 59.
Bf5 Bxb5 60. Bh3 Bc4 61. Bg2 b5 0-1

[Event "Faxe Jubilaeums EMT 2014"]
[Site "Faxe"]
[Date "2014.03.26"]
[Round "1"]
[White "Andersen, Hans E"]
[Black "Jensen, Leif"]
[Result "0-1"]
[WhiteElo "1517"]
[BlackElo "1978"]
[PlyCount "54"]
[EventDate "2014.??.??"]

1. e4 e6 2. d4 d5 3. e5 c5 4. c3 Qb6 5. Nf3 Bd7 6. b3 Nc6 7. Be3 Rc8 8. Be2
cxd4 9. cxd4 Nb4 10. Na3 Qa5 11. Nc4 dxc4 12. O-O c3 13. a3 Nd5 14. b4 Qa4 15.
Qc1 Bb5 16. Bxb5+ Qxb5 17. Qc2 Nge7 18. Ng5 Ng6 19. Ne4 Be7 20. Bg5 Rc7 21.
Bxe7 Kxe7 22. Rab1 Rd8 23. Rfd1 h6 24. Rb3 Ngf4 25. g3 Qe2 26. Rc1 Qxc2 27.
Rxc2 Ne2+ 0-1

[Event "Faxe Jubilaeums EMT 2014"]
[Site "Faxe"]
[Date "2014.03.26"]
[Round "1"]
[White "Petersen, Bent"]
[Black "Hansen, Borge"]
[Result "1/2-1/2"]
[WhiteElo "1892"]
[BlackElo "1490"]
[PlyCount "106"]
[EventDate "2014.??.??"]

1. d4 Nf6 2. c4 e6 3. Nc3 d5 4. Nf3 Be7 5. e3 O-O 6. Be2 Nbd7 7. O-O Nb6 8. b3
c5 9. Bb2 Bd7 10. Ne5 Be8 11. Bf3 Rb8 12. dxc5 Bxc5 13. Nd3 Be7 14. c5 Nc8 15.
Rc1 Bc6 16. b4 a6 17. Ne5 Na7 18. Qd4 Nd7 19. Nxd7 Qxd7 20. Nxd5 f6 21. Nb6
Qxd4 22. Bxd4 Rfd8 23. Rfd1 Bxf3 24. gxf3 Nc8 25. Nc4 Na7 26. a4 e5 27. Bc3
Rxd1+ 28. Rxd1 Rd8 29. Rxd8+ Bxd8 30. Kf1 Kf8 31. Ke2 Bc7 32. h3 Ke7 33. Kd3
Nc6 34. Na3 Kd7 35. b5 axb5 36. axb5 Ne7 37. Nc4 Nd5 38. Ba5 Bb8 39. Nb6+ Nxb6
40. Bxb6 Ke6 41. Kc4 f5 42. Ba5 h5 43. Bb4 g5 44. c6 bxc6 45. bxc6 Bc7 46. Bd2
g4 47. fxg4 fxg4 48. h4 Bd8 49. Kb5 Bxh4 50. Kb6 Bd8+ 51. Kb7 h4 52. Kc8 Bb6
53. Kb7 Bd8 1/2-1/2

[Event "Faxe Jubilaeums EMT 2014"]
[Site "Faxe"]
[Date "2014.03.26"]
[Round "1"]
[White "Refsgaard, Kaj"]
[Black "Andersen, Bjarne Hjorth"]
[Result "0-1"]
[WhiteElo "1469"]
[BlackElo "1884"]
[PlyCount "56"]
[EventDate "2014.??.??"]

1. Nf3 Nf6 2. d4 g6 3. g3 Bg7 4. Bg2 O-O 5. O-O c6 6. c4 d5 7. cxd5 cxd5 8. Nc3
Nc6 9. Bf4 Nh5 10. Be3 e6 11. Rc1 Bd7 12. Qd2 Rc8 13. Bh6 Qe7 14. Bxg7 Nxg7 15.
Bh3 f6 16. Rfe1 Rfd8 17. e4 dxe4 18. Nxe4 e5 19. Bxd7 Rxd7 20. Nc5 Nxd4 21.
Nxd4 Rxc5 22. Rxc5 Qxc5 23. Re4 Rxd4 24. Rxd4 exd4 25. Qf4 Qe5 26. Qf3 f5 27.
Qxb7 Qe1+ 28. Kg2 Qe4+ 0-1

[Event "Faxe Jubilaeums EMT 2014"]
[Site "Faxe"]
[Date "2014.03.26"]
[Round "1"]
[White "Zachariassen, John"]
[Black "Larsen, Paul M"]
[Result "1-0"]
[WhiteElo "1860"]
[BlackElo "1468"]
[PlyCount "79"]
[EventDate "2014.??.??"]

1. c4 Nf6 2. Nf3 g6 3. g3 Bg7 4. Bg2 O-O 5. O-O c6 6. Nc3 d6 7. d3 e5 8. Bd2
Na6 9. Rb1 Nc7 10. b4 a5 11. bxa5 Rxa5 12. a4 Nfe8 13. Qb3 Ne6 14. Be3 Nd4 15.
Qd1 f5 16. Bd2 Ra8 17. e3 Ne6 18. Qc2 Rf7 19. Ne2 g5 20. Ne1 g4 21. f4 h5 22.
e4 h4 23. exf5 Nd4 24. Nxd4 exd4 25. Qd1 Bxf5 26. Be4 hxg3 27. hxg3 Qf6 28. Ng2
Bh6 29. a5 Ng7 30. Nh4 Rd8 31. Be1 d5 32. Nxf5 Nxf5 33. Qxg4+ Rg7 34. Qxf5 Qh4
35. Bg2 Rxg3 36. Bxg3 Qxg3 37. Rf3 Qh4 38. cxd5 Rxd5 39. Qe6+ Kh8 40. Rh3 1-0

[Event "Faxe Jubilaeums EMT 2014"]
[Site "Faxe"]
[Date "2014.03.26"]
[Round "1"]
[White "Rasmussen, Frede"]
[Black "Wang, Peter"]
[Result "0-1"]
[WhiteElo "1456"]
[BlackElo "1814"]
[PlyCount "68"]
[EventDate "2014.??.??"]

1. d4 Nf6 2. Bf4 d6 3. e3 c6 4. c3 Nbd7 5. Bd3 Qc7 6. Bg5 e5 7. Bxf6 Nxf6 8.
dxe5 dxe5 9. e4 Be6 10. Nf3 Rd8 11. Qc2 h6 12. Nbd2 Be7 13. Nc4 Nd7 14. b4 O-O
15. O-O b5 16. Ne3 g6 17. a4 a6 18. Rfb1 Nf6 19. h3 Nh5 20. c4 Nf4 21. Bf1 Qb8
22. axb5 axb5 23. c5 Bf6 24. Ra6 Qb7 25. Rba1 Ra8 26. Rxa8 Rxa8 27. Qb2 Ra4 28.
Rxa4 bxa4 29. Bc4 Qd7 30. Qa2 Bxc4 31. Qxc4 a3 32. Ng4 Kg7 33. Nfxe5 Qe6 34.
Qc3 Ne2+ 0-1

[Event "Faxe Jubilaeums EMT 2014"]
[Site "Faxe"]
[Date "2014.03.26"]
[Round "1"]
[White "Christoffersen, Ib"]
[Black "Lindskov, Villy"]
[Result "0-1"]
[WhiteElo "1439"]
[BlackElo "1814"]
[PlyCount "94"]
[EventDate "2014.??.??"]

1. d4 Nf6 2. Nf3 e6 3. e3 b6 4. Be2 Bb7 5. a3 Be7 6. Nc3 O-O 7. O-O d5 8. h3
Nbd7 9. Bd3 c5 10. b3 Rc8 11. Ne2 c4 12. bxc4 dxc4 13. Bxh7+ Nxh7 14. c3 Be4
15. Re1 Bxf3 16. gxf3 Ng5 17. Kg2 Qc7 18. Ng3 g6 19. e4 Rfd8 20. h4 Nh7 21. f4
Nc5 22. Rh1 Nd3 23. Qf3 Nxc1 24. Raxc1 Bxa3 25. Rcd1 Be7 26. h5 g5 27. Ne2 Kh8
28. h6 Rg8 29. Kf1 a5 30. e5 Qc6 31. Qh5 Rcf8 32. Rg1 Qe4 33. Rg4 Qc2 34. Re1
a4 35. Qh1 a3 36. Qb7 Bd8 37. d5 exd5 38. Qxd5 Qd3 39. Qb5 gxf4 40. Rg7 Rxg7
41. hxg7+ Kxg7 42. e6 f3 43. Qe5+ Bf6 44. Qg3+ Kh8 45. exf7 fxe2+ 46. Rxe2 Qxg3
47. fxg3 Bxc3 0-1

[Event "Faxe Jubilaeums EMT 2014"]
[Site "Faxe"]
[Date "2014.03.26"]
[Round "1"]
[White "Krogh, Peter Ove"]
[Black "Nielsen, Flemming"]
[Result "1-0"]
[WhiteElo "1783"]
[BlackElo "1420"]
[PlyCount "67"]
[EventDate "2014.??.??"]

1. c4 e5 2. Nc3 Nf6 3. Nf3 Nc6 4. g3 Bc5 5. Bg2 d6 6. O-O a6 7. a3 O-O 8. e3
Be6 9. d4 exd4 10. exd4 Bxc4 11. dxc5 Bxf1 12. Bxf1 dxc5 13. Qxd8 Nxd8 14. Bg5
Ne8 15. Be7 Nd6 16. Bxf8 Kxf8 17. Ng5 h6 18. Nge4 b6 19. Nxd6 cxd6 20. Rd1 Ke7
21. Nd5+ Kf8 22. Nxb6 Ra7 23. Nc4 a5 24. Rxd6 Ke7 25. Bh3 a4 26. Rb6 f6 27. Bf5
g5 28. g4 Rb7 29. Kg2 Ra7 30. Kg3 Rb7 31. Ra6 Rb3+ 32. f3 Kf7 33. Ra7+ Rb7 34.
Nd6+ 1-0

[Event "Faxe Jubilaeums EMT 2014"]
[Site "Faxe"]
[Date "2014.03.26"]
[Round "1"]
[White "Skotte, Niels Peder"]
[Black "Ambirk, Jan"]
[Result "0-1"]
[WhiteElo "1346"]
[BlackElo "1763"]
[PlyCount "30"]
[EventDate "2014.??.??"]

1. d4 Nf6 2. c4 g6 3. Nc3 c5 4. d5 Bg7 5. Bg5 Qa5 6. Bxf6 Bxf6 7. Qb3 Na6 8.
Kd2 O-O 9. e3 d6 10. Bd3 Bd7 11. a4 b5 12. cxb5 c4 13. Bxc4 Nc5 14. Qc2 Bf5 15.
Bd3 Nxd3 0-1

[Event "Faxe Jubilaeums EMT 2014"]
[Site "Faxe"]
[Date "2014.03.26"]
[Round "1"]
[White "Frederiksen, Uffe"]
[Black "Adrian, Michael"]
[Result "1-0"]
[WhiteElo "1705"]
[BlackElo "1323"]
[PlyCount "87"]
[EventDate "2014.??.??"]

1. e4 Nf6 2. Nc3 e6 3. e5 Nd5 4. Nf3 Nb6 5. d4 Bb4 6. Bd3 Nc6 7. O-O Ne7 8. Ne2
Ng6 9. Nf4 Be7 10. Re1 d6 11. c3 dxe5 12. dxe5 Bd7 13. Qc2 Bc6 14. Nd4 Qd7 15.
Nxc6 Qxc6 16. Be4 Qb5 17. Bxb7 Rb8 18. Nxg6 hxg6 19. Qe4 Kf8 20. Bc6 Qa6 21. a4
Rh4 22. f4 g5 23. Bb5 Qc8 24. g3 Rh5 25. Be2 Rh6 26. fxg5 Rh8 27. Be3 Nd5 28.
Bc1 Qb7 29. Bf3 c6 30. h4 Qc7 31. c4 Nb4 32. Be3 a5 33. Kg2 Rd8 34. Rad1 Rb8
35. Bd4 c5 36. Bc3 g6 37. Bg4 Kg7 38. Rf1 Na2 39. Qf3 Rbf8 40. Bd2 Qxe5 41. Qb3
Rd8 42. Qxa2 Qe4+ 43. Bf3 Rxd2+ 44. Rxd2 1-0

[Event "Faxe Jubilaeums EMT 2014"]
[Site "Faxe"]
[Date "2014.03.26"]
[Round "1"]
[White "Hansen, Arne Mandrup"]
[Black "Hansen, Aage"]
[Result "0-1"]
[WhiteElo "1304"]
[BlackElo "1618"]
[PlyCount "86"]
[EventDate "2014.??.??"]

1. b3 d5 2. Bb2 Bf5 3. e3 e6 4. Nf3 Nf6 5. a3 Be7 6. d3 O-O 7. Be2 c5 8. O-O
Nc6 9. c4 d4 10. exd4 cxd4 11. Nbd2 a5 12. a4 e5 13. Ba3 Bxa3 14. Rxa3 Qd6 15.
Qc1 Nb4 16. Ne1 b6 17. c5 bxc5 18. Nc4 Qc7 19. Ra1 h6 20. Qd1 Nfd5 21. Bg4 Bxg4
22. Qxg4 Ra6 23. Qe2 Re6 24. Nc2 Nf4 25. Qd2 Qb7 26. f3 Qc7 27. Nxb4 cxb4 28.
Rac1 Rg6 29. g3 Nd5 30. Rfe1 Rc6 31. Nxe5 Rxc1 32. Qxc1 Qc3 33. Qb1 Re8 34. Rc1
Qd2 35. Nc4 Qe2 36. Rf1 Nc3 37. Qb2 Qxd3 38. Qd2 Ne2+ 39. Kg2 Qxb3 40. Nxa5 Qc3
41. Qa2 d3 42. Nb7 Nd4 43. Nd6 Re2+ 0-1

[Event "Faxe Jubilaeums EMT 2014"]
[Site "Faxe"]
[Date "2014.03.26"]
[Round "1"]
[White "Anghel, Mihai Ursta"]
[Black "Andersen, Hans Poul"]
[Result "1-0"]
[WhiteElo "1593"]
[BlackElo "1270"]
[PlyCount "69"]
[EventDate "2014.??.??"]

1. e4 e5 2. Nf3 d6 3. d4 Nc6 4. Nc3 Be7 5. Bb5 Bd7 6. Bxc6 Bxc6 7. dxe5 dxe5 8.
Qxd8+ Rxd8 9. Nxe5 Bf6 10. Nxc6 bxc6 11. Bd2 Be7 12. O-O-O Nf6 13. Bf4 Rc8 14.
Rd3 O-O 15. Rhd1 Ng4 16. Bg3 Bc5 17. R1d2 Bb4 18. a3 Ba5 19. f3 Nf6 20. b4 Bb6
21. Na4 Nh5 22. Bf2 Bxf2 23. Rxf2 Nf4 24. Rc3 Ne6 25. Rxc6 Rfd8 26. Rd2 Rxd2
27. Kxd2 Nd4 28. Rc3 Ne6 29. Ke3 h6 30. Nc5 Nxc5 31. Rxc5 g5 32. Kd4 Rd8+ 33.
Rd5 Rc8 34. Kc5 Kf8 35. Kc6 1-0

[Event "Faxe Jubilaeums EMT 2014"]
[Site "Faxe"]
[Date "2014.03.26"]
[Round "1"]
[White "Jakobsen, Henning"]
[Black "Christoffersen, Per"]
[Result "1/2-1/2"]
[WhiteElo "1235"]
[BlackElo "1588"]
[PlyCount "86"]
[EventDate "2014.??.??"]

1. d4 d5 2. c4 c6 3. Nc3 Nf6 4. Nf3 Bf5 5. Bf4 a6 6. e3 e6 7. Be2 Nbd7 8. O-O
dxc4 9. Bxc4 b5 10. Bd3 Bxd3 11. Qxd3 Be7 12. Rfd1 Nd5 13. Nxd5 cxd5 14. Rac1
Rc8 15. Rc2 Rxc2 16. Qxc2 O-O 17. Rc1 g5 18. Bc7 Qa8 19. Ne5 Nxe5 20. Bxe5 f6
21. Bg3 f5 22. Qc6 Qxc6 23. Rxc6 f4 24. Rxe6 fxg3 25. Rxe7 gxh2+ 26. Kxh2 Rxf2
27. Re5 h6 28. Rxd5 Rxb2 29. Rd6 Rxa2 30. Rxh6 Kg7 31. Re6 b4 32. Rb6 a5 33.
Rb5 Re2 34. Rxg5+ Kf6 35. Rxa5 Rxe3 36. Rb5 b3 37. g3 Rd3 38. Rb4 Rd2+ 39. Kh3
b2 40. Rb5 Ke6 41. d5+ Ke5 42. Kg4 Rf2 43. Kh5 Rh2+ 1/2-1/2

[Event "Faxe Jubilaeums EMT 2014"]
[Site "Faxe"]
[Date "2014.03.26"]
[Round "1"]
[White "Wehlast, Svend Erik"]
[Black "Eriksen, Knud Ejler"]
[Result "1-0"]
[WhiteElo "1586"]
[BlackElo "1067"]
[PlyCount "113"]
[EventDate "2014.??.??"]

1. d4 Nf6 2. Nf3 d6 3. Nc3 g6 4. Bf4 Bg7 5. e3 a6 6. h3 b5 7. a3 Bb7 8. Be2 O-O
9. O-O Nbd7 10. Bd3 e6 11. Bg5 Re8 12. e4 e5 13. d5 c6 14. dxc6 Bxc6 15. Rb1
Qc8 16. Nh2 Nc5 17. Re1 Ne6 18. Bxf6 Bxf6 19. Ng4 Bg7 20. Ne3 Nf4 21. f3 Qd8
22. Ned5 Qg5 23. Nxf4 Qxf4 24. Qe2 Bh6 25. Qf2 Qf6 26. b4 Rac8 27. Ne2 Bg5 28.
Rf1 Qg7 29. Qb6 Red8 30. Qf2 Qh6 31. Kh1 Be3 32. Qe1 Bd7 33. Qg3 Rf8 34. f4
exf4 35. Nxf4 Bxf4 36. Rxf4 Qg7 37. Rbf1 Rc3 38. Rf6 Be6 39. Qxd6 Rxa3 40. Qf4
Ra4 41. Qd2 Ra2 42. Kh2 Rd8 43. Qe3 Ra1 44. Qb6 Rc8 45. R1f2 Ra4 46. Qd6 Rf8
47. e5 Ra3 48. R2f3 Rc3 49. Rg3 Rcc8 50. Qxa6 Rb8 51. Qa1 Bc4 52. Qf1 Rfe8 53.
Qf4 Bxd3 54. Rxd3 Re6 55. c3 Rbe8 56. Rxe6 Rxe6 57. Rd8+ 1-0

[Event "Faxe Jubilaeums EMT 2014"]
[Site "Faxe"]
[Date "2014.04.02"]
[Round "2"]
[White "Pedersen, Hans Dahl"]
[Black "Krogh, Peter Ove"]
[Result "1-0"]
[WhiteElo "2158"]
[BlackElo "1783"]
[PlyCount "41"]
[EventDate "2014.??.??"]

1. c4 Nf6 2. g3 e6 3. Bg2 c5 4. Nf3 b6 5. O-O Bb7 6. Nc3 Be7 7. e3 O-O 8. d4
cxd4 9. exd4 d5 10. Ne5 Nbd7 11. Re1 Bb4 12. Bg5 Be7 13. cxd5 exd5 14. Qb3 h6
15. Bf4 g5 16. Be3 Nxe5 17. dxe5 Ng4 18. Bd4 f6 19. Nxd5 Kh7 20. exf6 Bxd5 21.
Qd3+ 1-0

[Event "Faxe Jubilaeums EMT 2014"]
[Site "Faxe"]
[Date "2014.04.02"]
[Round "2"]
[White "Jensen, Leif"]
[Black "Ambirk, Jan"]
[Result "1-0"]
[WhiteElo "1978"]
[BlackElo "1763"]
[PlyCount "89"]
[EventDate "2014.??.??"]

1. e4 Nf6 2. Nc3 d5 3. exd5 Nxd5 4. Nxd5 Qxd5 5. Qf3 Qxf3 6. Nxf3 Bf5 7. c3 e6
8. d4 Bd6 9. Be3 Nd7 10. O-O-O Nf6 11. Bd3 Bg4 12. Be2 Bf5 13. h3 Nd5 14. Bd3
Bxd3 15. Rxd3 Nf4 16. Bxf4 Bxf4+ 17. Kc2 h6 18. Re1 O-O-O 19. Re4 Bd6 20. Nd2
c5 21. dxc5 f5 22. Rxe6 Bxc5 23. Rxd8+ Rxd8 24. f3 Bd6 25. Nb3 Bf4 26. Nd4 Rd5
27. Re2 g6 28. Re6 Rd6 29. Rxd6 Bxd6 30. Kd3 Kd7 31. Kc4 a6 32. Kd5 Bf4 33. Ne6
Bc1 34. b3 Ke7 35. c4 a5 36. c5 Ba3 37. Nd4 Bb4 38. Nb5 Kd7 39. a3 Bd2 40. Nd6
Kc7 41. Nc4 Bc3 42. Ne5 g5 43. Nf7 Bg7 44. Nd6 f4 45. Ne8+ 1-0

[Event "Faxe Jubilaeums EMT 2014"]
[Site "Faxe"]
[Date "2014.04.02"]
[Round "2"]
[White "Andersen, Bjarne Hjorth"]
[Black "Frederiksen, Uffe"]
[Result "1-0"]
[WhiteElo "1884"]
[BlackElo "1705"]
[PlyCount "51"]
[EventDate "2014.??.??"]

1. e4 e6 2. d4 d5 3. Nd2 Nf6 4. Bd3 Be7 5. c3 dxe4 6. Nxe4 Nxe4 7. Bxe4 c5 8.
Be3 cxd4 9. Bxd4 Bf6 10. Nf3 Bxd4 11. Nxd4 Qb6 12. Qf3 O-O 13. O-O e5 14. Nf5
Nc6 15. Bxc6 bxc6 16. Ne7+ Kh8 17. Qxc6 Be6 18. Qxb6 axb6 19. Nc6 e4 20. a3 f5
21. Rfd1 Bb3 22. Rd6 b5 23. Nd4 Bc4 24. Rb6 Rab8 25. Rxb8 Rxb8 26. Nxf5 1-0

[Event "Faxe Jubilaeums EMT 2014"]
[Site "Faxe"]
[Date "2014.04.02"]
[Round "2"]
[White "Hansen, Aage"]
[Black "Zachariassen, John"]
[Result "0-1"]
[WhiteElo "1618"]
[BlackElo "1860"]
[PlyCount "89"]
[EventDate "2014.??.??"]

1. e4 g6 2. d4 Bg7 3. c4 d6 4. Nc3 Nf6 5. Bd3 O-O 6. h3 e5 7. Be3 Nc6 8. d5 Ne7
9. Qd2 Re8 10. Nge2 Nd7 11. g4 Nc5 12. Bc2 c6 13. Bxc5 cxd5 14. Ba3 d4 15. Nb5
Nc6 16. Nxd6 Re6 17. Nxc8 Rxc8 18. O-O-O Na5 19. b3 Ra6 20. Kb2 Rxc4 21. Bd3 b5
22. Bxc4 bxc4 23. Qb4 Rb6 24. Qe7 Qb8 25. b4 Bf8 26. Qd7 Nc6 27. Ka1 Bxb4 28.
Bxb4 Nxb4 29. Rc1 Ra6 30. a4 Nd3 31. Rb1 Qf8 32. Ka2 Nc5 33. Qb5 Rxa4+ 34. Qxa4
Nxa4 35. Rb7 d3 36. Ng3 Qc5 37. Rb8+ Kg7 38. Rf1 c3 39. f4 Qc4+ 40. Ka3 Nb6 41.
Rxb6 axb6 42. f5 b5 43. Nh5+ gxh5 44. f6+ Kf8 45. Rb1 0-1

[Event "Faxe Jubilaeums EMT 2014"]
[Site "Faxe"]
[Date "2014.04.02"]
[Round "2"]
[White "Wang, Peter"]
[Black "Anghel, Mihai Ursta"]
[Result "1/2-1/2"]
[WhiteElo "1814"]
[BlackElo "1593"]
[PlyCount "52"]
[EventDate "2014.??.??"]

1. e4 c5 2. Nf3 d6 3. d4 cxd4 4. Nxd4 Nf6 5. Nc3 a6 6. Bg5 e6 7. Bd3 Be7 8. f4
b5 9. Qf3 Bb7 10. O-O-O Nbd7 11. Kb1 Nc5 12. Nb3 b4 13. Nxc5 bxc3 14. Nb3 Qb6
15. Bh4 d5 16. Bxf6 Bxf6 17. e5 Be7 18. f5 exf5 19. Bxf5 g6 20. Bd3 a5 21. a4
Bc6 22. Qf4 Bc5 23. bxc3 O-O 24. h4 Be3 25. Qg4 h5 26. Qg3 Bxa4 1/2-1/2

[Event "Faxe Jubilaeums EMT 2014"]
[Site "Faxe"]
[Date "2014.04.02"]
[Round "2"]
[White "Lindskov, Villy"]
[Black "Wehlast, Svend Erik"]
[Result "1-0"]
[WhiteElo "1814"]
[BlackElo "1586"]
[PlyCount "65"]
[EventDate "2014.??.??"]

1. e4 c6 2. d4 d5 3. e5 Bf5 4. Bd3 Bxd3 5. Qxd3 e6 6. Ne2 h6 7. c3 Ne7 8. b3
Ng6 9. O-O Be7 10. Be3 O-O 11. f4 Nh4 12. g4 g5 13. f5 exf5 14. gxf5 f6 15. Ng3
Na6 16. Nd2 Nc7 17. Rae1 Ne8 18. Nh5 Ng7 19. Nxg7 Kxg7 20. Rf2 Qc7 21. Nf3
Nxf3+ 22. Rxf3 Rae8 23. Bf2 a6 24. Bg3 Qa5 25. Rfe3 Qd8 26. Kh1 b5 27. Qe2 Kg8
28. Qh5 Rf7 29. exf6 Rxf6 30. Be5 Ref8 31. Bxf6 Bxf6 32. Qg6+ Bg7 33. Re7 1-0

[Event "Faxe Jubilaeums EMT 2014"]
[Site "Faxe"]
[Date "2014.04.02"]
[Round "2"]
[White "Stuhr, Finn"]
[Black "Petersen, Bent"]
[Result "1-0"]
[WhiteElo "1568"]
[BlackElo "1892"]
[PlyCount "123"]
[EventDate "2014.??.??"]

1. e4 c5 2. Nf3 d6 3. Bc4 Nf6 4. Nc3 Nc6 5. d3 g6 6. a3 Bg7 7. Nd5 O-O 8. c3
Bg4 9. Nf4 Ne5 10. Ba2 Qb6 11. h3 Bxf3 12. gxf3 Rad8 13. h4 e6 14. h5 d5 15.
Bb1 Qc6 16. Qe2 dxe4 17. fxe4 Rd7 18. hxg6 hxg6 19. f3 Rc8 20. Be3 Qb5 21. c4
Qb3 22. Kf2 Qa4 23. Bc2 Qc6 24. b4 b6 25. b5 Qc7 26. a4 Kf8 27. Rad1 Ke7 28.
Nh3 Nh5 29. f4 Rh8 30. fxe5 Qxe5 31. Qg4 Qc3 32. Rd2 Bd4 33. Qf3 Nf6 34. Ke2
Rh5 35. Nf4 Ng4 36. Bxd4 Qxd4 37. Nxh5 gxh5 38. Rxh5 Ne5 39. Qf4 Ng6 40. Qg5+
Ke8 41. Kf3 e5 42. Rdh2 Re7 43. Qg4 Re6 44. Qg5 Qd6 45. Rh8+ Nf8 46. R2h6 Rxh6
47. Rxh6 Ng6 48. Qf5 Qd8 49. Rxg6 fxg6 50. Qxg6+ Kd7 51. Kg4 Kc7 52. Qg7+ Kb8
53. Qxe5+ Kc8 54. Qe6+ Kc7 55. e5 Qd4+ 56. Kg5 Qe3+ 57. Kf6 Qf2+ 58. Ke7 Qh4+
59. Qf6 Qh7+ 60. Qf7 Qh4+ 61. Ke6+ Kb8 62. Qe8+ 1-0

[Event "Faxe Jubilaeums EMT 2014"]
[Site "Faxe"]
[Date "2014.04.02"]
[Round "2"]
[White "Hansen, Borge"]
[Black "Jakobsen, Henning"]
[Result "1-0"]
[WhiteElo "1490"]
[BlackElo "1235"]
[PlyCount "71"]
[EventDate "2014.??.??"]

1. e4 d6 2. Bc4 e6 3. d3 Nf6 4. h3 Nbd7 5. Ne2 g6 6. Bg5 Bg7 7. c3 O-O 8. O-O
Ne5 9. Bb3 Qe8 10. Na3 Nfd7 11. Nb5 Nb6 12. Nxc7 Qc6 13. Nxa8 Nxa8 14. Rb1 f5
15. Bf4 Nf7 16. Nd4 Qe8 17. Be3 b6 18. a3 Nc7 19. Qd2 Na6 20. Ba2 Nc5 21. b4
Na4 22. Bb3 Ne5 23. f4 Nf7 24. Qc2 Bd7 25. Nxe6 Nxc3 26. Nxg7 Kxg7 27. Qxc3+
Kh6 28. Rfc1 Qe7 29. Qe1 Bb5 30. Rc3 Kg7 31. Rbc1 h5 32. a4 Bd7 33. Rc7 Ra8 34.
Bd5 Rb8 35. Rxa7 Qe8 36. Rcc7 1-0

[Event "Faxe Jubilaeums EMT 2014"]
[Site "Faxe"]
[Date "2014.04.02"]
[Round "2"]
[White "Christoffersen, Per"]
[Black "Christensen, Lars (1957)"]
[Result "0-1"]
[WhiteElo "1588"]
[BlackElo "2005"]
[PlyCount "102"]
[EventDate "2014.??.??"]

1. d4 Nf6 2. Nf3 c5 3. e3 g6 4. Bd3 d5 5. c3 Bf5 6. O-O Nbd7 7. Re1 c4 8. Bc2
b5 9. Nbd2 Ne4 10. Nxe4 dxe4 11. Ng5 Nf6 12. f3 exf3 13. Nxf3 Qd5 14. Qe2 Ne4
15. Bxe4 Bxe4 16. Nd2 a5 17. Nxe4 Qxe4 18. Qf3 f5 19. Qf4 Kd7 20. Qxe4 fxe4 21.
Rf1 Bh6 22. Bd2 Rab8 23. a3 Ke6 24. Rf2 Rb6 25. h4 Kd7 26. Raf1 Rbb8 27. g4
Rhf8 28. g5 Bg7 29. Rf7 Rxf7 30. Rxf7 Rg8 31. Kg2 Ke6 32. Rf1 Rf8 33. Rf4 Rxf4
34. exf4 Kf5 35. Kg3 e6 36. Be3 Bf8 37. Kh3 Be7 38. Kg3 Bd6 39. Bd2 e3 40. Bxe3
Ke4 41. Bc1 b4 42. axb4 axb4 43. Kg4 b3 44. h5 Kd3 45. d5 exd5 46. hxg6 hxg6
47. f5 Ke4 48. fxg6 Be5 49. Bf4 Bg7 50. Bd6 d4 51. cxd4 c3 0-1

[Event "Faxe Jubilaeums EMT 2014"]
[Site "Faxe"]
[Date "2014.04.02"]
[Round "2"]
[White "Nielsen, Flemming"]
[Black "Eckert, Svend"]
[Result "1-0"]
[WhiteElo "1420"]
[BlackElo "1579"]
[PlyCount "61"]
[EventDate "2014.??.??"]

1. Nf3 Nf6 2. Nc3 c6 3. d4 d5 4. h3 Bf5 5. Bf4 Ne4 6. e3 Qa5 7. Ke2 Nxc3+ 8.
bxc3 Qxc3 9. Ne1 e6 10. Rb1 b6 11. Rb3 Qa5 12. Qb1 Na6 13. Nd3 Bxd3+ 14. cxd3
Rc8 15. e4 dxe4 16. dxe4 Qh5+ 17. f3 Be7 18. Kf2 Qa5 19. Be2 O-O 20. Qb2 Rfd8
21. Bd2 Qa4 22. Bc3 e5 23. d5 Bc5+ 24. Kg3 cxd5 25. Bb5 d4 26. Bxa4 dxc3 27.
Rxc3 Nb4 28. Rd1 Rd4 29. Rxd4 exd4 30. Rc4 Nd3 31. Qxd4 1-0

[Event "Faxe Jubilaeums EMT 2014"]
[Site "Faxe"]
[Date "2014.04.02"]
[Round "2"]
[White "Skotte, Niels Peder"]
[Black "Andersen, Hans E"]
[Result "0-1"]
[WhiteElo "1346"]
[BlackElo "1517"]
[PlyCount "81"]
[EventDate "2014.??.??"]

1. d4 Nf6 2. Nf3 h6 3. g3 c6 4. Bg2 d5 5. Bf4 Bf5 6. Nbd2 e6 7. c3 Bd6 8. Bxd6
Qxd6 9. O-O Nbd7 10. Re1 e5 11. dxe5 Nxe5 12. Nxe5 Qxe5 13. e4 dxe4 14. Nxe4
O-O 15. Nd6 Qc5 16. Nxf5 Qxf5 17. Re3 Rad8 18. Qe2 Rfe8 19. Re1 Rxe3 20. fxe3
Qe6 21. c4 Re8 22. b3 Ng4 23. Bh3 Qxe3+ 24. Qxe3 Rxe3 25. Rxe3 Nxe3 26. Kf2 Nc2
27. Bc8 b6 28. Bb7 c5 29. Bd5 Kf8 30. Kf3 Nd4+ 31. Ke4 Ke7 32. g4 f6 33. h3 g6
34. Kf4 Ne2+ 35. Ke3 Nc1 36. Be4 Nxa2 37. Bxg6 Ke6 38. Kf4 Nc1 39. Bc2 Ne2+ 40.
Ke3 Ng1 41. Bf5+ 0-1

[Event "Faxe Jubilaeums EMT 2014"]
[Site "Faxe"]
[Date "2014.04.02"]
[Round "2"]
[White "Adrian, Michael"]
[Black "Refsgaard, Kaj"]
[Result "1/2-1/2"]
[WhiteElo "1323"]
[BlackElo "1469"]
[PlyCount "139"]
[EventDate "2014.??.??"]

1. d4 d5 2. f4 g6 3. Nf3 Bg7 4. e3 Nf6 5. Bd3 Bg4 6. O-O O-O 7. Nbd2 Nbd7 8.
Qe1 c5 9. c3 c4 10. Bc2 Re8 11. Qh4 e6 12. Ne5 Bf5 13. Ba4 Re7 14. Rf3 Nf8 15.
g4 Bd3 16. Rh3 a6 17. Ndf3 Rc7 18. Nxd3 cxd3 19. Ne5 b5 20. Bd1 Ne4 21. Nxd3
Bf6 22. g5 Bg7 23. Bf3 f5 24. Bxe4 dxe4 25. Nc5 Qd6 26. Qf2 e5 27. b4 exd4 28.
exd4 a5 29. Be3 axb4 30. cxb4 Qd5 31. a3 Rca7 32. Qb2 Rd8 33. Rd1 Nd7 34. Bf2
Nb6 35. Qb3 Nc4 36. a4 bxa4 37. Nxa4 Rxa4 38. Qxa4 Nb2 39. Qc2 Nxd1 40. Qxd1
Qc4 41. Qb3 Qxb3 42. Rxb3 Bxd4 43. Bxd4 Rxd4 44. b5 Rd7 45. Kf2 Kf7 46. b6 Rb7
47. Ke3 Ke6 48. Kd4 Kd6 49. Rh3 Kc6 50. Rc3+ Kxb6 51. h4 Rc7 52. Rh3 Rd7+ 53.
Kc4 Re7 54. Kd4 Kc6 55. h5 e3 56. hxg6 e2 57. gxh7 Rxh7 58. Re3 Rd7+ 59. Kc4
Rd2 60. g6 Rd6 61. g7 Rg6 62. Rxe2 Rxg7 63. Re5 Rf7 64. Kd4 Kd6 65. Kc4 Rc7+
66. Kd4 Rf7 67. Kc4 Rf6 68. Kd4 Kd7 69. Rd5+ Rd6 70. Ke5 1/2-1/2